ბათუმის შოთა რუსთაველის სახელმწიფო უნივერსიტეტის ბიბლიოთეკა

კლარჯული ჩანაწერები / (ბიბ.ჩანაწერი № 54335)

000 -ლიდერი
ფიქსირებული სიგრძის საკონტროლო ველი 01198nam a2200289Ia 4500
001 - საკონტროლო ნომერი
საკონტროლო ველი 21391
003 - საკონტროლო ნომრის იდენტიფიკატორი
საკონტროლო ველი GE_BSU
005 - ბოლო ოპერაციის თარიღი და დრო
საკონტროლო ველი 20211104161637.0
008 - ფიქსირებული სიგრძის მონაცემთა ელემენტები - ზოგადი ინფორმაცია
ფიქსირებული სიგრძის საკონტროლო ველი 181216s2017||||ge |||||||||||||| ||geo||
020 ## - წიგნის საერთაშორისო სტანდარტული ნომერი
International Standard Book Number 9789941260933
040 ## - კატალოგიზაციის წყარო
Transcribing agency GE_BSU
041 ## - ენის კოდი
Language code of text/sound track or separate title geo
080 ## - უნივერსალური ათობითი კლასიფიკაციის ინდექსი
Universal Decimal Classification number 811.353.1'282 ფ-32
100 ## - მთავარი ჩანაწერი - პიროვნების სახელი
Personal name ფაღავა, მამია
9 (RLIN) 12826
245 ## - ცნობა სათაურის შესახებ
Title კლარჯული ჩანაწერები /
Statement of responsibility, etc მამია ფაღავა ; რედ. შ. ზოიძე.
250 ## - გამოცემის ცნობა
Edition statement პირველი გამოცემა
260 ## - გამოქვეყნების, გავრცელების, და სხვა. ცნობები
Place of publication, distribution, etc თბილისი
260 ## - გამოქვეყნების, გავრცელების, და სხვა. ცნობები
Name of publisher, distributor, etc უნივერსალი
260 ## - გამოქვეყნების, გავრცელების, და სხვა. ცნობები
Date of publication, distribution, etc 2017
300 ## - ფიზიკური აღწერა
Extent 452 გვ. 20სმ.
653 ## - INDEX TERM--UNCONTROLLED
Uncontrolled term კლარჯული ჩანაწერები
653 ## - INDEX TERM--UNCONTROLLED
Uncontrolled term საველე ექსპედიციის შთაბეჭდილებები
700 ## - ADDED ENTRY--PERSONAL NAME
Personal name ზოიძე, შ.
Relator term რედაქტორი
9 (RLIN) 2577
710 ## - ADDED ENTRY--CORPORATE NAME
Corporate name or jurisdiction name as entry element ბსუ
Subordinate unit ჰუმანიტარულ მეცნიერებათა ფაკულტეტი
Relator term ქართველოლოგიის ცენტრი
9 (RLIN) 12827
942 ## - ADDED ENTRY ELEMENTS (KOHA)
Koha item type წიგნი
Source of classification or shelving scheme
ეგზემპლარები
ჩამოწერის სტატუსი დაკარგული ეგზემპლარის სტატუსი კლასიფიკაციის წყარო ან თაროზე გაწყობის სქემა დაზიანების სტატუსი არ გაიცემა მუდმივი მდებარეობა (დაცვის ადგილი) ამჟამინდელი ადგილსამყოფელი თაროზე განთავსების ადგილი შეძენის თარიღი ღირებულება, შესყიდვის ნორმალური ფასი სრული შენახვის შიფრი შტრიხკოდი ბოლო ოპერაციის თარიღი ეგზემპლარის მიმდევრობითი ნომერი (კეტერი?) ფასის ძალაში შესვლის თარიღი ეგზემპლარის სახეობა საჯარო შენიშვნა
          ბათუმის შოთა რუსთაველის სახელმწიფო უნივერსიტეტის მთავარი ბიბლიოთეკა ბათუმის შოთა რუსთაველის სახელმწიფო უნივერსიტეტის მთავარი ბიბლიოთეკა წიგნსაცავი 2018-12-17 20.00 811.353.1'282 ფ-32 55327 2018-12-17 55327 2018-12-17 წიგნი 20.00 ₾.